Golfers with the Most PGA Tour Wins Since 2000 - Statistics

General Stats
  • This quiz has been taken 879 times
  • The average score is 13 of 21
Answer Stats
# Country Golfer % Correct
67 USA Tiger Woods
99%
29 Northern Ireland Rory McIlroy
94%
32 USA Phil Mickelson
86%
18 USA Scottie Scheffler
84%
11 Spain Jon Rahm
82%
13 USA Jordan Spieth
80%
26 Fiji Vijay Singh
79%
16 USA Justin Thomas
76%
14 Australia Adam Scott
74%
11 Japan Hideki Matsuyama
74%
24 USA Dustin Johnson
69%
12 England Justin Rose
68%
11 Spain Sergio Garcia
67%
13 Australia Jason Day
65%
12 USA Zach Johnson
65%
12 South Africa Ernie Els
53%
12 USA Bubba Watson
41%
13 USA Jim Furyk
26%
10 USA Steve Stricker
12%
10 USA David Toms
7%
11 USA Kenny Perry
4%
No matching quizzes found
Score Distribution
Percent of People with Each Score
Percentile by Number Answered
Your Score History
You have not taken this quiz